| 000 | 00677nam a2200193 i 4500 | ||
|---|---|---|---|
| 001 | 87663 | ||
| 003 | ES-MaACL | ||
| 005 | 20250829124026.0 | ||
| 007 | t| | ||
| 008 | 041222s1965 sp a |||| |dspa d | ||
| 100 | 1 |
_aKung, J. T. _969023 |
|
| 245 | 1 | 0 |
_aConfucio, educador _b: estudio del pensamiento confuciano y cristiano / _cJ.T. Kung. |
| 260 |
_aMadrid : _bConsejo Superior de Investigaciones Científicas, Instituto San José de Calasanz de Pedagogía, _c1965. |
||
| 300 |
_aXVI, 436 p. : _bil. ; _c22 cm. |
||
| 650 | 0 | 4 |
_aConfucianismo. _911279 |
| 710 | 2 |
_aInstituto San José de Calasanz de Pedagogía _9163009 |
|
| 852 |
_aES-MaACL _jE-694 |
||
| 999 |
_c87663 _d87663 |
||